000 01013nam a2200313 4500
001 0000016302
003 CO-CtgCURN
005 20250331185253.0
007 ta
008 160627s1997 000 0 eng d
020 _a96822454964
040 _aCO-CtgCURN
_bspa
_ccoctgcurn
082 0 _a658.4
_bG633p
100 1 _aGodfeder, Guitela.
245 1 0 _aPlanificacion y Administración :
_bun enfoque integrador /
_cGuitela Goldfeder, Eduardo Aguilar.
260 _aMexico :
_bTrillas,
_c1997.
300 _a243 p.
336 _2rdacontent
337 _2rdamedia
_asin mediacion
_bn
338 _2rdacarrier
_avolumen
_bnc
500 _aIncluye indice.
504 _aBibliografia(p. 233)
505 8 _aPlanificacion y Administración del proceso del diagnostico.--La implementacion.--La evaluacion
650 1 4 _aAdministración.
700 1 _aAguilar, Eduardo.
908 _a160627
942 _cBK
_h658.4
_iG633p
_2ddc
999 _c24818
_d24818